Central Library OPAC University of Rajshahi

শেয়ার বাজার : (Record no. 47704)

MARC details
000 -LEADER
fixed length control field 01052nam a2200253 a 4500
001 - CONTROL NUMBER
control field 47704
003 - CONTROL NUMBER IDENTIFIER
rucl marc code BD-RjUL
005 - DATE AND TIME OF LATEST TRANSACTION
control field 20211209054356.0
008 - FIXED-LENGTH DATA ELEMENTS--GENERAL INFORMATION
fixed length control field 160810s1998 bg ||||| |||| 00| 0 ben d
020 ## - INTERNATIONAL STANDARD BOOK NUMBER
International Standard Book Number 9843100867
Terms of availability : Tk. 125.00
035 ## - SYSTEM CONTROL NUMBER
System control number (BD-RjUL)47823
040 ## - CATALOGING SOURCE
Original cataloging agency BD-RjUL
Language of cataloging ben
Transcribing agency BD-RjUL
041 ## - LANGUAGE CODE
Language code of text/sound track or separate title ben
082 ## - DEWEY DECIMAL CLASSIFICATION NUMBER
Classification number 332.6095492
Author mark and year MAS 1998
100 ## - MAIN ENTRY--PERSONAL NAME
Personal name মাহমুদ, আনু
9 (RLIN) 121248
245 10 - TITLE STATEMENT
Title শেয়ার বাজার :
Remainder of title ব্যাংকিং বিনিয়োগ ও শিল্পায়ন /
Statement of responsibility, etc. আনু মাহমুদ
260 ## - PUBLICATION, DISTRIBUTION, ETC. (IMPRINT)
Place of publication, distribution, etc. ঢাকা :
Name of publisher, distributor, etc. ধানসিড়ি প্রিন্টিং,
Date of publication, distribution, etc. ১৯৯৮
300 ## - PHYSICAL DESCRIPTION
Pagination [৬], ১৮৩ পৃ. ;
Size ২০ সেমি.
650 ## - SUBJECT ADDED ENTRY--TOPICAL TERM
Topical term or geographic name as entry element শেয়ার বাজার
Geographic subdivision বাংলাদেশ
9 (RLIN) 144908
Topical term or geographic name as entry element Stock exchanges
Geographic subdivision Bangladesh
9 (RLIN) 144909
Topical term or geographic name as entry element বিনিয়োগ ব্যাংকিং
Geographic subdivision বাংলাদেশ
9 (RLIN) 144910
Topical term or geographic name as entry element Investment banking
Geographic subdivision Bangladesh.
9 (RLIN) 144911
942 ## - ADDED ENTRY ELEMENTS (KOHA)
Source of classification or shelving scheme Dewey Decimal Classification
Koha item type Books
Holdings
Lost status Source of classification or shelving scheme Damaged status Not for loan Collection code Permanent Location Current Location Shelving location Date acquired Source of acquisition Cost, normal purchase price Total Checkouts Full call number Date last seen Copy number Koha item type
  Dewey Decimal Classification     Non-fiction Central Library, University of Rajshahi Central Library, University of Rajshahi   22/08/1998 Ru. Political science 125.00   B 332.6095492 MAS 1998 10/08/2016 C-2 Books
  Dewey Decimal Classification     Non-fiction Central Library, University of Rajshahi Central Library, University of Rajshahi   22/08/1998 Ru. Political science 125.00   B 332.6095492 MAS 1998 10/08/2016 C-3 Books
  Dewey Decimal Classification     Non-fiction Central Library, University of Rajshahi Central Library, University of Rajshahi   22/08/1998 Ru. Political science 125.00   B 332.6095492 MAS 1998 10/08/2016 C-4 Books
  Dewey Decimal Classification     Non-fiction Central Library, University of Rajshahi Central Library, University of Rajshahi   22/08/1998 Ru. Political science 125.00   B 332.6095492 MAS 1998 10/08/2016 C-5 Books